[Event "Salvador 05"]
[Site "Salvador"]
[Date "2009.05.16"]
[Round "8"]
[White "Ortega Ramon, Rodrigo Leao"]
[Black "Souza Nivaldo, Seixas"]
[Result "1-0"]
[WhiteElo "1761"]
[BlackElo "1742"]
[PlyCount "41"]
[EventDate "2009.05.01"]
[EventType "tourn"]
[EventRounds "11"]
[EventCountry "BRA"]
[SourceTitle "EXT 2012"]
[Source "ChessBase"]
[SourceDate "2011.11.24"]
[SourceVersion "1"]
[SourceVersionDate "2011.11.24"]
[SourceQuality "1"]

1. d4 d5 2. c4 c6 3. Nc3 e6 4. Nf3 Bb4 5. Bg5 Bxc3+ 6. bxc3 Qa5 7. Qb3 dxc4 8. Qxc4 b6 9. h4 Ba6 10. Qb3 h6 11. Bd2 Qd5 12. Qa3 Bc4 13. Ne5 c5 14. Nxc4 cxd4 15. Nd6+ Kf8 16. cxd4 Nc6 17. e4 Nxd4 18. Rc1 Qxd6 19. Qxd6+ Ke8 20. Qxd4 Nf6 21. Bb5+ 1-0

[Event "Salvador 05"]
[Site "Salvador"]
[Date "2009.05.01"]
[Round "1"]
[White "Ortega Ramon, Rodrigo Leao"]
[Black "Ferreira da Silva, Jonathan"]
[Result "1-0"]
[WhiteElo "1761"]
[BlackElo "1749"]
[PlyCount "98"]
[EventDate "2009.05.01"]
[EventType "tourn"]
[EventRounds "11"]
[EventCountry "BRA"]
[SourceTitle "EXT 2012"]
[Source "ChessBase"]
[SourceDate "2011.11.24"]
[SourceVersion "1"]
[SourceVersionDate "2011.11.24"]
[SourceQuality "1"]

1. d4 d5 2. c4 Nf6 3. Nc3 e6 4. Nf3 Be7 5. Bg5 0-0 6. e3 Nc6 7. Bd3 b6 8. cxd5 Nxd5 9. Bxe7 Ncxe7 10. Rc1 Bb7 11. 0-0 Rc8 12. Ne4 f5 13. Neg5 Rf6 14. Ne5 h6 15. Ngf3 Ng6 16. Qe2 Nb4 17. Bc4 c5 18. a3 Nd5 19. Ba6 Qe7 20. Rc2 Rc7 21. Bxb7 Rxb7 22. dxc5 bxc5 23. Rfc1 Nxe5 24. Nxe5 Rc7 25. Qb5 Qd6 26. Nf3 Qb6 27. Qxb6 axb6 28. b4 Ra7 29. bxc5 bxc5 30. Ra1 Rc7 31. Ne5 Rf8 32. Kf1 Ra8 33. a4 g5 34. Ke2 Kg7 35. a5 Kf6 36. Nc4 Ke7 37. f3 h5 38. g3 Ra6 39. e4 Nb4 40. Rc3 Nc6 41. Ke3 Rca7 42. Kd3 Rd7+ 43. Ke3 Rc7 44. exf5 exf5 45. Nb6 Ke6 46. Rxc5 f4+ 47. gxf4 gxf4+ 48. Kxf4 Rf7+ 49. Ke4 Nxa5 1-0